Online
Catalog

Estadística básica en administración : (Record no. 21145)

MARC details
000 -CABECERA
campo de control de longitud fija 01141nam a2200289 a 4500
001 - NÚMERO DE CONTROL
campo de control 000021646
005 - FECHA Y HORA DE LA ÚLTIMA TRANSACCIÓN
campo de control 20250626131116.0
008 - DATOS DE LONGITUD FIJA--INFORMACIÓN GENERAL
campo de control de longitud fija 100909s1996 mx a 000 0 spa d
020 ## - NÚMERO INTERNACIONAL ESTÁNDAR DEL LIBRO
Número Internacional Estándar del Libro 9688807842
040 ## - FUENTE DE LA CATALOGACIÓN
Centro catalogador/agencia de origen DO-SdBNP
Lengua de catalogación spa
Centro/agencia transcriptor BNPHU
082 ## - NÚMERO DE LA CLASIFICACIÓN DECIMAL DEWEY
Número de clasificación 519.5
Número de documento/Ítem B489e, 1996
049 ## - FONDOS LOCALES (OCLC)
Fondos de biblioteca BNGR
100 1# - ENTRADA PRINCIPAL--NOMBRE DE PERSONA
Nombre de persona Berenson, Mark L.,
Fechas asociadas al nombre 1941-
9 (RLIN) 45028
245 10 - MENCIÓN DE TÍTULO
Título Estadística básica en administración :
Resto del título conceptos y aplicaciones /
Mención de responsabilidad, etc. Mark L. Berenson , David M. Levine ; traducción de Ariadne Catalina Domínguez R. y A. Homero Flores Samaniego.
250 ## - MENCIÓN DE EDICIÓN
Mención de edición 6a ed.
260 ## - PUBLICACIÓN, DISTRIBUCIÓN, ETC.
Lugar de publicación, distribución, etc. México, D. F. :
Nombre del editor, distribuidor, etc. Prentice Hall Hispanoamericana,
Fecha de publicación, distribución, etc. 1996.
300 ## - DESCRIPCIÓN FÍSICA
Extensión xxv, 943 p. :
Otras características físicas il. ;
Dimensiones 27 cm.
534 ## - NOTA SOBRE LA VERSIÓN ORIGINAL
Encabezamiento principal del original Versión de la obra títulada :
Mención de título del original Basic business statistics, concepts and applications
500 ## - NOTA GENERAL
Nota general Incluye índice alfabético.
650 #0 - PUNTO DE ACCESO ADICIONAL DE MATERIA--TÉRMINO DE MATERIA
Término de materia o nombre geográfico como elemento de entrada Estadística matemática
9 (RLIN) 20984
650 #4 - PUNTO DE ACCESO ADICIONAL DE MATERIA--TÉRMINO DE MATERIA
Término de materia o nombre geográfico como elemento de entrada Información
9 (RLIN) 45029
650 #4 - PUNTO DE ACCESO ADICIONAL DE MATERIA--TÉRMINO DE MATERIA
Término de materia o nombre geográfico como elemento de entrada Administración
Subdivisión general Métodos estadísticos
9 (RLIN) 45030
700 1# - PUNTO DE ACCESO ADICIONAL--NOMBRE DE PERSONA
Nombre de persona Levine, David M.
9 (RLIN) 45031
700 1# - PUNTO DE ACCESO ADICIONAL--NOMBRE DE PERSONA
Nombre de persona Domínguez R., Ariadne Catalina,
Término indicativo de función/relación tr.
9 (RLIN) 45032
700 1# - PUNTO DE ACCESO ADICIONAL--NOMBRE DE PERSONA
Nombre de persona Flores Samaniego, A. Homero,
Término indicativo de función/relación tr.
9 (RLIN) 45033
910 ## - DATOS DE OPCIÓN DEL USUARIO (OCLC)
Datos de opción del usuario WM
Holdings
Estado de retiro Estado de pérdida Restricciones de uso No para préstamo Código de colección Localización permanente Ubicación/localización actual Ubicación en estantería Fecha de adquisición Número de inventario Total de préstamos Signatura topográfica completa Código de barras Fecha visto por última vez Precio válido a partir de Tipo de ítem Koha
        Monografías: Libros y Folletos General General Depósito 09.09.2010 LF1   519.5 B489e, 1996 21646-10 25.06.2020 25.06.2020 Préstamo en sala

Powered by Koha